Nations and nationalism since 1780 : programme, myth, reality /

Bibliographic Details
Main Author: Hobsbawm, E. J. (Eric J.), 1917-2012
Format: Book
Language:English
Published: Cambridge ; New York : Cambridge University Press, 1990.
Series:Wiles lectures.
Subjects:

MARC

Tag First Indicator Second Indicator Subfields
LEADER 00000cam a2200000 a 4500
001 in00000912421
005 20160908113005.0
008 890817s1990 enk 00110 eng
010 |a  89022334  
035 |a (OCoLC)20294449 
035 |9 AEQ0982AM 
020 |a 0521335078 
040 |a DLC  |e rda  |c DLC  |d TXA 
050 0 0 |a JC311  |b .H577 1990 
082 0 |a 320.5/4  |2 20 
049 |a TXAM 
100 1 |a Hobsbawm, E. J.  |q (Eric J.),  |d 1917-2012. 
245 1 0 |a Nations and nationalism since 1780 :  |b programme, myth, reality /  |c E.J. Hobsbawm. 
264 1 |a Cambridge ;  |a New York :  |b Cambridge University Press,  |c 1990. 
300 |a viii, 191 pages ;  |c 24 cm. 
336 |a text  |b txt  |2 rdacontent 
337 |a unmediated  |b n  |2 rdamedia 
338 |a volume  |b nc  |2 rdacarrier 
490 1 |a The Wiles lectures given at the Queen's University of Belfast 
504 |a Includes bibliographical references and index. 
650 0 |a Nationalism. 
830 0 |a Wiles lectures. 
999 f f |s b698a73f-70f3-3a77-bf31-04c73d9e6817  |i 7594b8cc-3532-3e36-bad8-b547edbc5513  |t 0 
952 f f |p normal  |a Texas A&M University  |b College Station  |c Sterling C. Evans Library  |s Evans stk  |d Evans: Library Stacks  |t 0  |e JC311 .H577 1990  |h Library of Congress classification  |i unmediated -- volume  |m A14843622086 
998 f f |a JC311 .H577 1990  |t 0  |l Evans: Library Stacks